Genetic characterization among fayoumi breed using microsatellite markers (Record no. 44409)

MARC details
000 -LEADER
fixed length control field 01345cab a2200337Ia 45 0
001 - CONTROL NUMBER
control field u189712
003 - CONTROL NUMBER IDENTIFIER
control field SIRSI
008 - FIXED-LENGTH DATA ELEMENTS--GENERAL INFORMATION
fixed length control field 110222s2008 ua ss b eng d
040 ## - CATALOGING SOURCE
Original cataloging agency EAL
041 ## - LANGUAGE CODE
Language code of text/sound track or separate title eng
Language code of summary or abstract ara
090 ## - LOCALLY ASSIGNED LC-TYPE CALL NUMBER (OCLC); LOCAL CALL NUMBER (RLIN)
Classification number (OCLC) (R) ; Classification number, CALL (RLIN) (NR) ART EPSJ V28 NoIV 19
100 1# - MAIN ENTRY--PERSONAL NAME
Personal name Roushdy, Kh.
240 10 - UNIFORM TITLE
Uniform title Egyptian poultry science journal, 2008 v. 28 (IV)
Medium [electronic resouce].
245 10 - TITLE STATEMENT
Title Genetic characterization among fayoumi breed using microsatellite markers
Medium [electronic resouce].
246 15 - VARYING FORM OF TITLE
Title proper/short title التوصيف الوراثى للدجاج الفيومى باستخدام الميكروستلايت.
300 ## - PHYSICAL DESCRIPTION
Extent p.1287-1301
504 ## - BIBLIOGRAPHY, ETC. NOTE
Bibliography, etc. note Includes references.
520 ## - SUMMARY, ETC.
Summary, etc. This study represents the first results on assessing the genetic characterization of three populations generated from Egyptian Fayoumi native breed (P, G & R).
546 ## - LANGUAGE NOTE
Language note Summary in Arabic.
596 ## -
-- 1
650 #0 - SUBJECT ADDED ENTRY--TOPICAL TERM
Topical term or geographic name entry element Microsatellites (Genetics)
650 #0 - SUBJECT ADDED ENTRY--TOPICAL TERM
Topical term or geographic name entry element Poultry
General subdivision Breeding.
650 #0 - SUBJECT ADDED ENTRY--TOPICAL TERM
Topical term or geographic name entry element Poultry
General subdivision Genetics.
650 #0 - SUBJECT ADDED ENTRY--TOPICAL TERM
Topical term or geographic name entry element Classification (Conflict of laws).
650 #0 - SUBJECT ADDED ENTRY--TOPICAL TERM
Topical term or geographic name entry element Poultry
General subdivision Marketing.
700 1# - ADDED ENTRY--PERSONAL NAME
Personal name Tantawi, T.M.A.
700 1# - ADDED ENTRY--PERSONAL NAME
Personal name Swefy, S.A.
700 1# - ADDED ENTRY--PERSONAL NAME
Personal name Saifelnasr, E.O.H.
773 0# - HOST ITEM ENTRY
Title Egyptian Poultry Science Journal.
Related parts 2008.v.28(IV)
International Standard Serial Number 1110-5623
Control subfield nnas
Record control number u189066
856 40 - ELECTRONIC LOCATION AND ACCESS
Uniform Resource Identifier <a href="http://nile.enal.sci.eg/EALE/2008/EPSJ/2808/IV/1287.pdf">http://nile.enal.sci.eg/EALE/2008/EPSJ/2808/IV/1287.pdf</a>
Public note Full Text Article
942 ## - ADDED ENTRY ELEMENTS (KOHA)
Koha item type Articles
Source of classification or shelving scheme Library of Congress Classification

No items available.


Home | About ENAL | Collections | Services | Activities | Calendar | Contact us

7 Nadi El Sayed St., Giza, Egypt | Phone:02-33351121 +02-33351313 | 
| Email: enalegypt@gmail.com